ARRUPE JESUIT UNIVERSITY

CORONAVIRUS -STOP THE SPREAD - CLEAN,DISINFECT,COVER

The Sunday lectionary : (Record no. 118387)

MARC details
000 -LEADER
fixed length control field 00846cam a2200277 a 4500
001 - CONTROL NUMBER
control field 4517883
003 - CONTROL NUMBER IDENTIFIER
control field ARRUPE
005 - DATE AND TIME OF LATEST TRANSACTION
control field 20131022173436.0
008 - FIXED-LENGTH DATA ELEMENTS--GENERAL INFORMATION
fixed length control field 980512s1998 mnu b 001 0 eng
010 ## - LIBRARY OF CONGRESS CONTROL NUMBER
LC control number 97027349
020 ## - INTERNATIONAL STANDARD BOOK NUMBER
International Standard Book Number 081462457X (pbk.)
035 ## - SYSTEM CONTROL NUMBER
System control number (OCoLC)37300682
035 ## - SYSTEM CONTROL NUMBER
System control number (OCoLC)ocm37300682
035 ## - SYSTEM CONTROL NUMBER
System control number (NNC)4517883
040 ## - CATALOGING SOURCE
Original cataloging agency DLC
Transcribing agency DLC
Modifying agency DLC
090 ## - LOCALLY ASSIGNED LC-TYPE CALL NUMBER (OCLC); LOCAL CALL NUMBER (OCLC)
Classification number (OCLC) (R) ; Classification number, CALL (RLIN) (NR) BX2003
Local cutter number (OCLC) ; Book number/undivided call number, CALL (RLIN) .B58 1998
300 ## - PHYSICAL DESCRIPTION
Dimensions 23 cm
100 1# - MAIN ENTRY--PERSONAL NAME
Personal name Bonneau, Normand,
Dates associated with a name 1948-
9 (RLIN) 2686
245 14 - TITLE STATEMENT
Title The Sunday lectionary :
Remainder of title ritual word, Paschal shape /
Statement of responsibility, etc Normand Bonneau
260 ## - PUBLICATION, DISTRIBUTION, ETC. (IMPRINT)
Place of publication, distribution, etc Collegeville, Minn. :
Name of publisher, distributor, etc Liturgical Press,
Date of publication, distribution, etc c1998
300 ## - PHYSICAL DESCRIPTION
Extent xiii, 175 p. ;
504 ## - BIBLIOGRAPHY, ETC. NOTE
Bibliography, etc Includes bibliographical references (p. 167-171) and indexes
610 20 - SUBJECT ADDED ENTRY--CORPORATE NAME
Corporate name or jurisdiction name as entry element Catholic Church
General subdivision Liturgy.
9 (RLIN) 2687
650 #0 - SUBJECT ADDED ENTRY--TOPICAL TERM
Topical term or geographic name as entry element Lectionaries.
9 (RLIN) 2688
942 ## - ADDED ENTRY ELEMENTS (KOHA)
Source of classification or shelving scheme Library of Congress Classification
Koha item type Monograph ( Printed materials)
Holdings
Withdrawn status Lost status Source of classification or shelving scheme Damaged status Not for loan Home library Current library Date acquired Total Checkouts Full call number Barcode Date last seen Price effective from Koha item type
    Library of Congress Classification     ARRUPE LIBRARY ARRUPE LIBRARY 22/10/2013   BX2003.B58 1998 46411451 22/11/2017 22/10/2013 Monograph ( Printed materials)

 

Arrupe Library. PO Box MP320 Mt Pleasant, Harare, Zimbabwe
263 242 745411|librarian@aju.ac.zw